01476 a2200193 45000010006000000050017000060080041000230030015000640400040000790800128001192450082002470200018003292640033003473000021003805050808004011000020012097000023012297000030012525458820260407155820.0260407a2003 arg spa dAR-UNSa-BCEJYS aAR-UNSa-BCEJYSbspacAR-UNSa-BCEJYS a316.421:339.9xOrigen de las sociedades globales y estructura social, económico, político y cultural (Globalización) 10aOrigen y transformación del estado argentino en periodos de globalización a950-786-349-4 1aBuenos Aires :bBiblosc2003 a202 p.c22,5 cm. a1. La globalización y el Estado moderno: ¿extinción o transformación? – 2. Los Rivarola y la política Argentina del Centenario – 3. Mayo de 1910 a través de la mirada de los diarios La Prensa y La Vanguardia – 4. La representación discursiva de la identidad nacional durante la década del 20: inmigración y nacionalismo en la Argentina – 5. Globalización y educación: análisis de portales educativos en español – 6. La privatización de la desocupación y la pobreza: el rol del Estado y de la empresa social en las representaciones sociales de la indigencia – 7. La legitimidad de la deuda externa en la prensa escrita Argentina – 8. El estado Argentino ante la globalización y la justicia – 9. La globalización y las cuestiones de justicia internacional.1 aOrtiz, Tulio E.1 aPardo, Maria Laura1 aNoblia, María Valentina